000 00288nam a2200109Ia 4500
008 220204s9999 xx 000 0 und d
082 _a340
_bCHA;3
100 _aChaudri, S Lakhi Singh
245 0 _aFundamental rules and the supplementary rules
260 _aHoshiarpur
_c1963
942 _cBK
999 _c19592
_d19592